Lịch sử kiến trúc phương Tây Tóm tắt bài giảng và minh họa

保存先:
書誌詳細
第一著者: Trần Văn Khải
フォーマット: 図書
言語:Undetermined
出版事項: Hà Nội Giao Thông Vận Tải
主題:
タグ: タグ追加
タグなし, このレコードへの初めてのタグを付けませんか!
Thư viện lưu trữ: Trung tâm Học liệu Trường Đại học Cần Thơ
LEADER 00546nam a2200169Ia 4500
001 CTU_37877
008 210402s9999 xx 000 0 und d
082 |a 720.94 
082 |b Kh103 
100 |a Trần Văn Khải 
245 0 |a Lịch sử kiến trúc phương Tây 
245 0 |b Tóm tắt bài giảng và minh họa 
245 0 |c Trần Văn Khải 
260 |a Hà Nội 
260 |b Giao Thông Vận Tải 
650 |a architecture - western europe 
980 |a Trung tâm Học liệu Trường Đại học Cần Thơ